Muse Lyrics #3 - Statistics

General Stats
  • This quiz has been taken 540 times
  • The average score is 93 of 178
Answer Stats
Answers % Correct
a
95%
the
92%
The
92%
you
89%
You
89%
you.
89%
me
75%
Is
69%
is
69%
to
69%
To
69%
And
67%
it
67%
your
67%
are
61%
love
57%
new
56%
for
55%
Origin of Symmetry
55%
Show
55%
what
55%
like
54%
born
53%
born.
53%
world.
52%
it's
49%
much
49%
Too
49%
too
49%
When
48%
can't
47%
from
47%
inside
47%
Link
47%
our
47%
yourself.
47%
come
46%
How
45%
hide,
44%
squeeze.
44%
away
43%
away.
43%
away,
43%
Away
43%
bitterness
43%
I'm
43%
You're
43%
you're
43%
birth
42%
growing
42%
Just
41%
time
41%
seen,
40%
seen
40%
Stretch
40%
up,
40%
young,
40%
everywhere.
39%
last
39%
you've
38%
chance
37%
real.
37%
break
36%
'Cause
36%
down
36%
Soulless
35%
soulless
35%
Wasting
35%
drifting
34%
silence,
34%
silence
34%
worth?
34%
Destroy
33%
nowhere.
33%
home
32%
distance
31%
earth.
31%
spineless,
31%
Hopeless
30%
unstoppable.
30%
swelling
29%
Fades
28%
roam
26%
their
12%
No matching quizzes found
Score Distribution
Percent of People with Each Score
Percentile by Number Answered
Your Score History
You have not taken this quiz